000 00533 a2200193 4500
005 20260223124522.0
008 260223b |||||||| |||| 00| 0 eng d
020 _a9789348183712
_cRs. 2195.00
040 _aMAIN
082 _a330.954
_bB167E
100 _aBajaj, Dinesh
245 _aEconomy of modern bharat
260 _bCambridge Book House
_c2025
_aJaipur
300 _a271
650 _aIndian - Economic Policy
650 _aAgriculture -Economic Aspects - India
650 _aEducation System - India
942 _cBK
999 _c395933
_d395933